=LDR 00000nam 2200000 4500 =001 NUTBA000000000002878 =005 20140708094001.0 =006 =007 =008 =020 ##$$a 978-979-29-0220-4 =035 ##$$a 0010-071400000000066 =040 ##$$a NBPDMAT =082 ##$$a 658.8 =090 ##$$a 658.8 $b Suy m =100 ##$$a M. Suyanto =245 ##$$a Marketing strategi top brand indonesia / $c oleh M. Suyanto ; editor, Dhiwiberta Mardjono =260 ##$$a Jogyakarta : $b Andi, $c 2007 =300 ##$$a viii, 241 hlm. : $b ilus. ; $c 23 cm. =650 ##$$a Manajemen Penawaran =990 ##$$a 21403967 =990 ##$$a 0001/BPAP-NTB/20142014 =990 ##$$a 0001/BPAP-NTB/20142014